[Event "Operation Capablanca"]
[Site "Vienna AUT"]
[Date "2005.09.01"]
[Round "8"]
[White "Siebrecht,S"]
[Black "Beckhuis,G"]
[Result "1-0"]
[WhiteElo "2487"]
[BlackElo "2324"]

1.c4 c6 2.e4 e5 3.Nf3 d6 4.d4 Nd7 5.Nc3 Ngf6 6.Be2 Be7 7.O-O O-O 8.Re1 a6
9.b3 b5 10.Bf1 Bb7 11.Bb2 Re8 12.Qc2 Bf8 13.Rad1 Qc7 14.a3 Rac8 15.Qb1 Qb8
16.b4 exd4 17.Nxd4 Ne5 18.cxb5 cxb5 19.Nf5 Nc4 20.Bxc4 Rxc4 21.Ne3 Bxe4 22.Nxe4 Rcxe4
23.Bxf6 gxf6 24.Nd5 R4e6 25.Rxe6 Rxe6 26.h4 Qd8 27.Qf5 Bg7 28.f4 Qe8 29.Kh2 Re1
30.Rxe1 Qxe1 31.Qc8+ Bf8 32.Qg4+ Bg7 33.Nxf6+  1-0

[Event "Paul Keres Mem B"]
[Site "Tallinn EST"]
[Date "2005.09.02"]
[Round "6"]
[White "Narva,J"]
[Black "Akesson,J"]
[Result "1/2-1/2"]
[WhiteElo "2300"]
[BlackElo "2345"]

1.c4 c6 2.e4 e5 3.Nf3 d6 4.d4 Bg4 5.dxe5 Bxf3 6.Qxf3 dxe5 7.Be2 Nd7 8.Nc3 Bc5
9.Qg3 Qf6 10.O-O Qg6 11.Qxg6 hxg6 12.g3 Ngf6 13.Kg2 Bd4 14.f3 Nc5 15.Bd2 a5
16.b3 Ke7 17.Rab1 Nfd7 18.Bd1 Ne6 19.h4 Bc5 20.Be1 Bb4 21.Ra1 Rh7 22.a3 Bc5
23.Rh1 Bd4 24.Rb1 Rah8 25.Ne2 Bb6 26.f4 g5 27.fxg5 Nxg5 28.Rf1 Ne6 29.b4 axb4
30.axb4 Ra8 31.c5 Bc7 32.Bb3 Nf6 33.Nc3 Rhh8 34.Bf2 Rhd8 35.Rfd1 Nd4 36.b5 Ba5
37.Bxd4 exd4 38.Ne2 d3 39.Nf4 Nxe4 40.Rxd3 Nxc5 41.Re3+ Kf8 42.Ng6+ Kg8 43.Ne7+ Kf8
44.bxc6 bxc6 45.Nxc6 Rd2+ 46.Kh3 Nxb3 47.Rbxb3 Bd8 48.Rb7 Bf6 49.g4 Rc2 50.Nb8 Bd4
51.Rf3 Kg8 52.g5 Rc3 53.Rxc3 Bxc3 54.h5 Bd2 55.g6 fxg6 56.hxg6 Ba5 57.Nd7 Bd2  1/2-1/2

[Event "27th So Cal Open"]
[Site "Los Angeles USA"]
[Date "2005.09.03"]
[Round "2"]
[White "Kurosaki,T"]
[Black "Peters,Joh"]
[Result "0-1"]
[WhiteElo "2073"]
[BlackElo "2430"]

1.c4 c6 2.g3 d5 3.Bg2 Nf6 4.Nf3 e6 5.b3 Nbd7 6.Bb2 Bd6 7.O-O e5 8.cxd5 cxd5
9.d3 O-O 10.Nbd2 b5 11.Rc1 Bb7 12.e4 Re8 13.exd5 Bxd5 14.Ne4 Qe7 15.Nxd6 Qxd6
16.d4 e4 17.Ne5 Qa6 18.a3 Qe6 19.Qe2 a6 20.b4 Rad8 21.Rfe1 Nb6 22.Rc7 Nc4
23.Qc2 Qd6 24.Rc5 Nxb2 25.Qxb2 Nd7 26.Nxd7 Rxd7 27.Qc3 Rdd8 28.Re2 h6 29.Re1 Qf6
30.h3 Kh8 31.Re2 Qg6 32.Qc2 f5 33.Kh2 Qf6 34.Qc3 Bc4 35.Rd2 f4 36.gxf4 Qxf4+
37.Kg1 e3 38.fxe3 Rxe3 39.Qc1 Re2  0-1

[Event "65th New England Open"]
[Site "Boxborough USA"]
[Date "2005.09.04"]
[Round "4"]
[White "Terrie,H"]
[Black "Klegon,M"]
[Result "1/2-1/2"]
[WhiteElo "2166"]
[BlackElo "2076"]

1.c4 c6 2.Nf3 d5 3.b3 Nf6 4.Bb2 Bg4 5.Ne5 Bh5 6.g3 Nbd7 7.Nxd7 Qxd7 8.Bg2 e6
9.O-O Be7 10.d3 O-O 11.Nd2 a5 12.a3 Rfd8 13.Nf3 Bd6 14.Qc2 Qe7 15.e4 dxe4
16.dxe4 Bxf3 17.Bxf3 e5 18.Rfd1 Bc5 19.Rxd8+ Rxd8 20.Rd1 Rxd1+ 21.Qxd1 Qd6
22.Qxd6 Bxd6 23.Bc3 b6 24.b4 axb4 25.axb4 Kf8 26.Bg2 Ne8 27.Bh3 Ke7 28.Kf1 f6
29.Bc8 Nc7 30.Ke2 Kd8 31.Bb7 Kd7  1/2-1/2

[Event "Nordic Championships"]
[Site "Vammala FIN"]
[Date "2005.09.04"]
[Round "11"]
[White "Lie,Es"]
[Black "Thorfinnsson,Br"]
[Result "0-1"]
[WhiteElo "2300"]
[BlackElo "2448"]

1.c4 c6 2.g3 d5 3.Nf3 Nf6 4.b3 Bg4 5.Bg2 Nbd7 6.Bb2 e6 7.O-O Be7 8.d3 O-O
9.Qc2 Qb8 10.e4 dxe4 11.dxe4 e5 12.Nbd2 a5 13.h3 Bh5 14.Nh4 Re8 15.Kh1 a4
16.f4 exf4 17.gxf4 axb3 18.Nxb3 Bg6 19.Nxg6 hxg6 20.e5 Nh5 21.e6 Ng3+ 22.Kg1 Nc5
23.Rf3 Nf5 24.exf7+ Kxf7 25.Nd4 Nh4 26.f5 Nxf3+ 27.Nxf3 Na4 28.fxg6+ Kg8
29.Bd4 Bc5 30.Bxc5 Nxc5 31.Qf5 Ne4 32.Re1 Nf6 33.Rd1 Rxa2 34.Qg5 Qa7+ 35.Kh1 Rae2
36.Rf1 Rf2 37.Rd1 Ra2 38.Rd6 Qf2 39.Rxf6 gxf6 40.Qg4 Qxg2+  0-1

[Event "FSGM September"]
[Site "Budapest HUN"]
[Date "2005.09.06"]
[Round "4"]
[White "Reiss,T"]
[Black "Pitl,G"]
[Result "1/2-1/2"]
[WhiteElo "2397"]
[BlackElo "2332"]

1.c4 c6 2.g3 d5 3.Bg2 Nf6 4.Nf3 Bg4 5.cxd5 cxd5 6.Ne5 Bf5 7.Nc3 Nc6 8.Nxc6 bxc6
9.d4 e6 10.O-O Be7 11.Bf4 O-O 12.Na4 Nd7 13.Rc1 Qc8 14.Re1 Qb7 15.f3 Rfc8
16.e4 Bg6 17.Be3 Rd8 18.e5 c5 19.f4 cxd4 20.Qxd4 h5 21.a3 Rdc8 22.Bf1 Bc2
23.Bd3 Bxa4 24.Qxa4 Bc5 25.Bxc5 Nxc5 26.Qb5 Qxb5 27.Bxb5 Rab8 28.a4 a6 29.Bf1 Nxa4
30.Rxc8+ Rxc8 31.Bxa6 Rb8 32.Rb1 Rxb2 33.Rxb2 Nxb2 34.Kf2 Na4 35.Be2 g6 36.Ke3 Nc5
37.Bf3 Kg7 38.h4 Kh6 39.Kd4 Nb3+ 40.Ke3 Na5 41.Be2 Nc6 42.Bb5 Ne7 43.Kf3 Nf5
44.Ba4 Kh7 45.Bd7 Nh6 46.Bc8 Kg7 47.Bd7 Kf8 48.Ba4 Ke7 49.Ke3 Kd8 50.Bb5 Nf5+
51.Kf2 Ng7 52.Ke3 Kc7 53.Kd3 Kb6 54.Bd7 Kc5 55.Ba4 d4 56.Bd7 Kd5 57.Ba4 Nf5
58.Be8 Nh6 59.Ba4 Ng4 60.Be8 Nh6  1/2-1/2

[Event "TCh-POL Ekstraliga"]
[Site "Lubniewice POL"]
[Date "2005.09.06"]
[Round "4"]
[White "Szymanski,M"]
[Black "Lagowski,P"]
[Result "0-1"]
[WhiteElo "2435"]
[BlackElo "2395"]

1.c4 c6 2.e4 d5 3.exd5 cxd5 4.cxd5 Nf6 5.Nc3 Nxd5 6.Nf3 e6 7.Bc4 Nf6 8.O-O Be7
9.d4 O-O 10.Re1 Nbd7 11.a3 Nb6 12.Bd3 Bd7 13.Ne5 Bc6 14.Bc2 Nbd5 15.Qd3 Nxc3
16.bxc3 Qd5 17.Qh3 Rfe8 18.Rb1 Qa2 19.Bd3 g6 20.Re2 Qd5 21.Bc4 Qa5 22.Nxf7 Be4
23.Rb5 Qa4 24.Rxe4 Nxe4 25.Qxe6 Qd1+ 26.Bf1 Bh4 27.Qc4 Bxf2+ 28.Kh1 Qxc1
29.Nh6+ Kh8 30.Nf7+ Kg8 31.Nh6+ Kh8 32.Nf7+ Kg7 33.Rxb7 Rab8 34.Rxa7 Ra8
35.Rb7 Rab8 36.Ra7 Kf8 37.g3 Rb1 38.Nh6 Qxf1+ 39.Qxf1 Rxf1+ 40.Kg2 Rg1+ 41.Kf3 Re7  0-1

[Event "zt 2.3"]
[Site "Guayaquil ECU"]
[Date "2005.09.08"]
[Round "5"]
[White "Guerrero,C"]
[Black "Santos Flores,A"]
[Result "0-1"]
[WhiteElo "2132"]
[BlackElo "2344"]

1.c4 c6 2.d4 d5 3.cxd5 cxd5 4.Nc3 Nc6 5.e4 e6 6.e5 Qb6 7.Nf3 Nge7 8.Bd3 Bd7
9.O-O Nxd4 10.Nxd4 Qxd4 11.Nb5 Qxe5 12.Re1 Qb8 13.Qf3 f6 14.Bf4 e5 15.Rac1 Bc6
16.Rxe5 fxe5 17.Qh5+ g6 18.Qxe5 Qxe5 19.Bxe5 Kd7 20.Bxh8 Bh6  0-1

[Event "Autumn 1"]
[Site "Alushta UKR"]
[Date "2005.09.10"]
[Round "11"]
[White "Obukhov,A"]
[Black "Ponfilenok,V"]
[Result "0-1"]
[WhiteElo "2522"]
[BlackElo "2271"]

1.c4 c6 2.d4 d5 3.e3 Nf6 4.Bd3 g6 5.Nf3 Bg7 6.O-O O-O 7.Nc3 Bg4 8.h3 Bxf3
9.Qxf3 e6 10.Rd1 Nbd7 11.Qe2 Qe7 12.b3 Rfe8 13.Bb2 Rad8 14.Rac1 dxc4 15.bxc4 e5
16.d5 e4 17.Bc2 Qb4 18.Na4 Nb6 19.Rb1 Qxc4 20.Qxc4 Nxc4 21.Bxf6 Bxf6 22.Rxb7 cxd5
23.Rxa7 d4 24.Bb3 dxe3 25.Rxd8 Rxd8 26.Bxc4 Rd1+ 27.Kh2 exf2 28.Bxf7+ Kf8
29.Bc4 f1=Q 30.Bxf1 Rxf1 31.Ra8+ Kf7 32.Ra7+ Ke6 33.Nc5+ Kd5 34.Nd7 Bd4 35.Ra5+ Kd6
36.Ra4 Rd1 37.Nf8 e3  0-1

[Event "FSGM September"]
[Site "Budapest HUN"]
[Date "2005.09.11"]
[Round "9"]
[White "Paschall,W"]
[Black "Le Quang Liem"]
[Result "1/2-1/2"]
[WhiteElo "2399"]
[BlackElo "2326"]

1.c4 c6 2.e4 d5 3.exd5 cxd5 4.d4 Nf6 5.Nc3 e6 6.Nf3 Be7 7.cxd5 Nxd5 8.Bd3 O-O
9.O-O Nc6 10.a3 g6 11.Bh6 Re8 12.Re1 Bf6 13.Be4 Nde7 14.Be3 b6 15.Ne5 Bb7
16.Qf3 Bxe5 17.dxe5 Nd5 18.Qg3 Nxe3 19.Qxe3 Qe7 20.Nb5 Na5 21.Nd6 Reb8 22.b4 Bxe4
23.Nxe4 Nc4 24.Nf6+ Qxf6 25.exf6 Nxe3 26.Rxe3 h6 27.h4 Rc8 28.Rd1 a5 29.Red3 axb4
30.axb4 e5 31.Rd6 Rab8 32.g3 h5 33.Kg2 g5 34.R1d5 Re8 35.hxg5 Kh7 36.Rd7 Kg6
37.Re7 e4 38.Rde5 Rf8 39.Rxe4 Kxg5 40.R7e5+ Kg6 41.Rh4 Rh8 42.f4 Rbc8 43.Rg5+ Kxf6
44.Rhxh5 Rxh5 45.Rxh5 Kg6 46.Rd5 Rc6 47.b5 Rf6 48.Kf3 Kg7 49.g4 Rh6 50.g5 Rh3+
51.Ke4 Rb3 52.Ke5 Rb4 53.f5 Rb1 54.Kd6 Rc1 55.Kd7 Rc2 56.Rd6 Rc5 57.f6+ Kg6
58.Rxb6 Kxg5 59.Kd6 Rc1 60.Rc6 Rb1 61.Rc5+ Kxf6 62.Kc7 Kg6 63.b6 f5 64.b7 Kg5
65.b8=Q Rxb8 66.Kxb8 Kg4 67.Kc7 f4 68.Kd6 f3 69.Ke5 f2  1/2-1/2

[Event "FSGM September"]
[Site "Budapest HUN"]
[Date "2005.09.11"]
[Round "9"]
[White "Collins,S IRL"]
[Black "Bergez,L"]
[Result "1-0"]
[WhiteElo "2413"]
[BlackElo "2353"]

1.c4 c6 2.e4 d5 3.exd5 cxd5 4.d4 Nf6 5.Nc3 Nc6 6.Nf3 Bg4 7.cxd5 Nxd5 8.Qb3 Bxf3
9.gxf3 Nb6 10.Be3 e6 11.O-O-O Be7 12.d5 exd5 13.Nxd5 Nxd5 14.Rxd5 Qc7 15.Kb1 O-O
16.f4 Bd6 17.Qc4 Qe7 18.Rg1 g6 19.f5 Ne5 20.Qe4 Nc6 21.Qxe7 Bxe7 22.Bc4 Kg7
23.Rd7 Bf6 24.Bc5 Ne5 25.Bxf8+ Kxf8 26.Rc7 Bd8 27.Rc5 Nxc4 28.Rxc4 Bb6 29.fxg6 hxg6
30.Rgc1 Kg7 31.Rc8 Rxc8 32.Rxc8 Bxf2 33.Rc7 b5 34.Kc2 g5 35.h3 Kf6 36.Rb7 Bb6
37.Kd3 Ke6 38.Ke4 f5+ 39.Kf3 Ke5 40.Rg7 Kf6 41.Rh7 Kg6 42.Rd7 b4 43.Rd6+ Kf7
44.Rd5 Ke6 45.Rb5 Bd4 46.Rxb4 Bb6 47.Rb5 Bd4 48.b3 Bb6 49.Rb4 Kd5 50.Rc4 Bc5
51.Rc2 a5 52.Rg2 Be7 53.Rd2+ Kc6 54.Re2 Kd6 55.Re1 a4 56.bxa4 g4+ 57.hxg4 fxg4+
58.Kxg4 Kd7 59.Rc1 Bd8 60.Kf5 Bc7 61.Ke4 Kc8 62.Rb1 Ba5 63.Rb5 Be1 64.Kd5 Kc7
65.a5 Bf2 66.a6 Be3 67.Rb7+ Kc8 68.Kc6  1-0

[Event "4th Kesarovski - Georgiev Memorial"]
[Site "Sunny Beach BUL"]
[Date "2005.09.16"]
[Round "1"]
[White "Dimitrov,Vl"]
[Black "Ivanov L.,S"]
[Result "1-0"]
[WhiteElo "2418"]
[BlackElo "2081"]

1.c4 c6 2.Nf3 d5 3.e3 Nf6 4.Nc3 e6 5.Qc2 Nbd7 6.b3 Be7 7.Bb2 O-O 8.Be2 Nc5
9.O-O Qc7 10.Rac1 a5 11.d3 Bd7 12.Nb1 Rfc8 13.Nbd2 Na6 14.e4 a4 15.bxa4 dxe4
16.dxe4 Nb4 17.Qb1 c5 18.e5 Ne8 19.a3 Nc6 20.Ne4 h6 21.Rfd1 Rd8 22.Ng3 Na5
23.Qe4 Bc6 24.Qg4 Bxa4 25.Re1 Nb3 26.Rb1 Bc6 27.Nh5 Kh8 28.Bd1 Nd2 29.Nxd2 Rxd2
30.h4 Rad8 31.Bc3 R2d3 32.Rc1 Bf8 33.Nf4 R3d7 34.Bc2 g6 35.Bxg6 fxg6 36.Nxe6 Qc8
37.Nxf8 Rg7 38.e6 Rd4 39.Bxd4 cxd4 40.Nxg6+ Kh7 41.h5 d3 42.Qf5 Qd8 43.Rcd1 d2
44.Re2 Nd6 45.Rdxd2 Nxf5 46.Rxd8  1-0

[Event "Geller mem Open A"]
[Site "Odessa UKR"]
[Date "2005.09.19"]
[Round "5"]
[White "Kovalev,De"]
[Black "Nester,I"]
[Result "1-0"]
[WhiteElo "2373"]
[BlackElo "2336"]

1.c4 c6 2.Nc3 d5 3.cxd5 cxd5 4.d4 Nf6 5.Nf3 Nc6 6.Bf4 a6 7.Rc1 Bf5 8.e3 e6
9.Qb3 Ra7 10.Ne5 Nxe5 11.Bxe5 Nd7 12.Bg3 Be7 13.Be2 O-O 14.O-O b5 15.a4 b4
16.Nb1 Qb6 17.Nd2 Nb8 18.Bd3 Bxd3 19.Qxd3 Nc6 20.Nb3 Raa8 21.Rc2 Rfc8 22.Rfc1 Qb7
23.h3 h6 24.Kf1 Qd7 25.Ke2 Bd6 26.Bxd6 Qxd6 27.Rc5 Ne7 28.Rxc8+ Rxc8 29.Rxc8+ Nxc8
30.Nc5 a5 31.Qb5 Qc7 32.Qb7 Qd8 33.Qb8 Kh7 34.b3 Qe8 35.Qc7 Ne7 36.Qxa5 Nc6
37.Qb5 f6 38.Nd3 Qc8 39.Nxb4 Ne7 40.Qc5  1-0

[Event "Karpov Simul"]
[Site "Buenos Aires ARG"]
[Date "2005.09.20"]
[Round "1"]
[White "Karpov,Ana"]
[Black "Kovalyov,A"]
[Result "1/2-1/2"]
[WhiteElo "2672"]
[BlackElo "2234"]

1.c4 c6 2.e4 d5 3.exd5 cxd5 4.d4 Nf6 5.Nc3 Nc6 6.Bg5 dxc4 7.d5 Ne5 8.Bxc4 Nxc4
9.Qa4+ Bd7 10.Qxc4 g6 11.Nf3 Bg7 12.O-O O-O 13.Rfe1 h6 14.Bf4 e6 15.dxe6 Bxe6
16.Qb4 Nd5 17.Nxd5 Qxd5 18.Be5 Rac8 19.Bxg7 Kxg7 20.Re5 Qd7 21.b3 Rfd8 22.h3 b6
23.Rae1 Rc6 24.R5e2 Rc5 25.Qa3 a5 26.Qb2+ Kh7 27.Rd2 Rd5 28.Rxd5 Qxd5 29.Qf6 Rd6
30.Qf4 Rd7 31.Ne5 Qd2 32.Re3 Rd4 33.Qf6 Qc1+ 34.Kh2 Qc7 35.Rg3 Qd8 36.Rxg6 Qxf6
37.Rxf6 Kg7 38.Rf3 Rd2 39.a3 Rb2 40.Nc4 Bxc4 41.bxc4 a4 42.Rf4 Ra2 43.c5 bxc5
44.Rxa4 Rxf2 45.Rc4 Ra2 46.Rc3 c4 47.Kg3  1/2-1/2

[Event "EYb18"]
[Site "Herceg Novi SCG"]
[Date "2005.09.20"]
[Round "6"]
[White "Stubberud,O"]
[Black "Galic,I"]
[Result "1-0"]
[WhiteElo "2095"]
[BlackElo "2167"]

1.c4 c6 2.Nf3 Nf6 3.b3 d5 4.Bb2 Bg4 5.e3 Nbd7 6.d4 e6 7.Nbd2 Ne4 8.Be2 Bb4
9.O-O Nc3 10.Bxc3 Bxc3 11.Rc1 Bb4 12.Qc2 O-O 13.Bd3 Nf6 14.Ne5 Bh5 15.c5 Ba5
16.f4 Bc7 17.Ndf3 Bg6 18.Nxg6 hxg6 19.Ng5 Ng4 20.Qe2 Nh6 21.Rf3 Qb8 22.Nh3 Rc8
23.Nf2 Bd8 24.Rh3 Kf8 25.Ng4 Ng8 26.Ne5 Qc7 27.Bxg6 fxg6 28.Nxg6+ Ke8 29.Rh8 Bf6
30.Rxg8+ Kd7 31.Rxc8 Rxc8 32.g4 Re8 33.g5 Bd8 34.b4 Kc8 35.Ne5 Rh8 36.Qg4  1-0

[Event "ProMoPro Open"]
[Site "Prague CZE"]
[Date "2005.09.20"]
[Round "6"]
[White "Groh,J"]
[Black "Petrak,R"]
[Result "1-0"]
[WhiteElo "2137"]
[BlackElo "2047"]

1.c4 c6 2.Nf3 d5 3.cxd5 cxd5 4.d4 Nf6 5.g3 g6 6.Bg2 Bg7 7.Nc3 O-O 8.O-O Nc6
9.Bf4 Ne4 10.Qb3 e6 11.Rac1 Bxd4 12.Nxe4 dxe4 13.Nxd4 Nxd4 14.Qe3 Nf5 15.Qxe4 Qa5
16.Be5 Qxa2 17.Bf6 Ng7 18.g4 Qa5 19.Qf4 e5 20.Qh6 Ne8 21.Be7  1-0

[Event "EYb18"]
[Site "Herceg Novi SCG"]
[Date "2005.09.22"]
[Round "8"]
[White "Stubberud,O"]
[Black "Khaiminov,A"]
[Result "1-0"]
[WhiteElo "2095"]
[BlackElo "2224"]

1.c4 c6 2.Nf3 d5 3.b3 Bg4 4.e3 Nf6 5.Bb2 Nbd7 6.d4 e6 7.Nbd2 Bd6 8.Qc2 Qc7
9.c5 Be7 10.Bd3 O-O 11.O-O Rfe8 12.b4 b5 13.Ne5 g6 14.f3 Bf5 15.e4 dxe4 16.fxe4 Ng4
17.Rae1 Bg5 18.Rf3 Ngxe5 19.dxe5 Nxe5 20.exf5 Nxf3+ 21.Nxf3 Bh6 22.fxg6 fxg6
23.Bxg6 Re7 24.Be5 Qb7 25.Be4 Bg7 26.Bd6 Rf7 27.Bxh7+ Kh8 28.Bg6 Rf6 29.Qe4 Kg8
30.Ne5 Bf8 31.Ng4  1-0

[Event "Geller mem Open A"]
[Site "Odessa UKR"]
[Date "2005.09.23"]
[Round "9"]
[White "Zavgorodniy,S"]
[Black "Fingerov,D"]
[Result "1-0"]
[WhiteElo "2448"]
[BlackElo "2358"]

1.c4 c6 2.e4 d5 3.exd5 cxd5 4.d4 Nf6 5.Nc3 e6 6.Nf3 Be7 7.cxd5 Nxd5 8.Bd3 Nc6
9.O-O O-O 10.Re1 Bf6 11.Be4 Nce7 12.Ne5 Nc6 13.Qd3 h6 14.Bxd5 exd5 15.Nxc6 bxc6
16.Be3 c5 17.Qd2 Re8 18.b3 Rb8 19.dxc5 d4 20.Bf4 dxc3 21.Qxd8 Rxd8 22.Bxb8 c2
23.Be5 Rd5 24.Bxf6 gxf6 25.b4 a5 26.a3 Rd4 27.Rac1 axb4 28.axb4 Bf5 29.b5 Rb4
30.b6 Rb5 31.g4  1-0

[Event "Iranian Super League"]
[Site "Iran IRI"]
[Date "2005.09.29"]
[Round "10"]
[White "Daneshpour,SH"]
[Black "Mohammadi,H"]
[Result "0-1"]
[WhiteElo "2161"]
[BlackElo "2328"]

1.c4 c6 2.Nf3 d5 3.b3 Nf6 4.g3 Bg4 5.Bg2 e6 6.Bb2 Nbd7 7.O-O Bd6 8.d3 O-O
9.Nbd2 Re8 10.e4 dxe4 11.dxe4 Be5 12.Qc2 Bxb2 13.Qxb2 e5 14.Rfe1 Qc7 15.Nf1 Nc5
16.Qc2 Rad8 17.a3 Ne6 18.c5 b6 19.cxb6 axb6 20.Rac1 Bxf3 21.Bxf3 Nd4 22.Qc3 Qa7
23.a4 Qa6 24.Kg2 Nd7 25.Qc4 b5 26.axb5 cxb5 27.Qb4 Qa2 28.Red1 Nxb3 29.Rc7 Nd4
30.Rd2 Qa8 31.Ne3 Nf6 32.Nf5 Nxf5 33.exf5 e4 34.Bxe4 Nxe4 35.Rxd8 Rxd8 36.Qxb5 Nd6+  0-1

[Event "2nd Highlands Open A"]
[Site "Havlickuv Brod CZE"]
[Date "2005.09.30"]
[Round "7"]
[White "Talla,V"]
[Black "Vymazal,B"]
[Result "0-1"]
[WhiteElo "2401"]
[BlackElo "2212"]

1.c4 c6 2.d4 d5 3.Nf3 Nf6 4.Nc3 Bf5 5.Qb3 Qb6 6.c5 Qc7 7.Bf4 Qc8 8.e3 Nbd7
9.Qd1 h6 10.h3 e6 11.Be2 Be7 12.b4 a6 13.O-O O-O 14.a4 Ne4 15.Qb3 Re8 16.Nxe4 Bxe4
17.Nd2 Bg6 18.Bd3 Bxd3 19.Qxd3 Bf6 20.Bd6 e5 21.e4 exd4 22.exd5 cxd5 23.Qb3 a5
24.b5 Nxc5 25.Qxd5 b6 26.Nc4 Qd8 27.Qc6 Rc8  0-1

[Event "14th Monarch Assurance"]
[Site "Port Erin IOM"]
[Date "2005.09.30"]
[Round "7"]
[White "Fox,P"]
[Black "Wademark,H"]
[Result "0-1"]
[WhiteElo "1815"]
[BlackElo "2182"]

1.c4 c6 2.d4 d5 3.Nf3 Nf6 4.Qc2 g6 5.Bf4 Bg7 6.e3 O-O 7.Nc3 a6 8.c5 Nbd7
9.h3 Re8 10.g4 Nf8 11.Be2 N6d7 12.O-O-O f6 13.Bg3 e5 14.e4 exd4 15.Nxd4 dxe4
16.Nxe4 Qa5 17.Bc4+ Kh8 18.Bd6 Ne5 19.Nb3 Qa4 20.Be2 Be6 21.Nc3 Qf4+ 22.Nd2 Nfd7
23.Qe4 Bh6 24.h4 Bxg4 25.Bxg4 Qxe4 26.Nxe4 Nxg4 27.f4 f5 28.Rhg1 Bg7 29.Ng5 h6
30.Ngf3 Bf6 31.Nc4 Re4 32.Na5 Ra4 33.Nb3 Kg7 34.Nbd4 Kf7 35.h5 Rxa2 36.hxg6+ Kxg6
37.Ne5+ Nxe5 38.fxe5 Ra1+ 39.Kc2 Rxd1 40.Kxd1 Bg5 41.Ke2 Re8 42.Nf3 h5 43.Kd3 h4
44.Ke2 Kh5 45.Rh1 Nf6 46.Nxg5 Kxg5 47.Kf3 Ng4 48.Re1 Re6 49.b4 h3 50.Bf8 Rxe5
51.Rxe5 Nxe5+ 52.Kg3 f4+ 53.Kxh3 Nd3  0-1

[Event "Belgrade Premier League"]
[Site "Belgrade SCG"]
[Date "2005.10.02"]
[Round "2"]
[White "Biocanin,Gora"]
[Black "Grbic,M"]
[Result "1-0"]
[WhiteElo "2269"]
[BlackElo "2325"]

1.c4 c6 2.e4 d5 3.exd5 cxd5 4.d4 Nf6 5.Nc3 e6 6.Nf3 Be7 7.Bf4 O-O 8.a3 b6
9.cxd5 Nxd5 10.Bg3 Bb7 11.Bd3 Nd7 12.O-O N7f6 13.Qe2 Rc8 14.Ne4 Nh5 15.Qd2 Nxg3
16.hxg3 Nf6 17.Nc3 g6 18.Bc2 Qd6 19.Rad1 Rfd8 20.Rfe1 Bf8 21.Bb3 Qc6 22.Ba4 Qc7
23.Ne5 Bg7 24.Qe2 Nd5 25.Rc1 Nxc3 26.Rxc3 Qd6 27.Rxc8 Rxc8 28.Bb3 Bd5 29.Qb5 Bxb3
30.Qxb3 Qxd4 31.Nxf7 Qc4 32.Qxc4 Rxc4 33.Nd6 Rc6 34.Nb5 a6 35.Nc3 Kf7 36.Re3 Bxc3
37.bxc3 Rc4 38.Re1 Rxc3 39.Rb1 b5 40.a4 bxa4 41.Rb6 Rc1+ 42.Kh2 a5 43.Rb5 Rc2
44.Rxa5 Rxf2 45.Rxa4 h5 46.Kg1 Rb2 47.g4 hxg4 48.Rxg4 e5 49.Rg3 Kf6 50.Rf3+ Kg5
51.Rg3+ Kf5 52.Rf3+ Kg4 53.Re3 Kf4 54.Rf3+ Ke4 55.Rg3 Rb6 56.Kf2 Kd4 57.Ra3 e4
58.Ra4+ Ke5 59.Ra8  1-0

[Event "Bygger'n Masters"]
[Site "Gausdal NOR"]
[Date "2005.10.02"]
[Round "2"]
[White "Hauchard,A"]
[Black "Nordstrom,F"]
[Result "0-1"]
[WhiteElo "2483"]
[BlackElo "2184"]

1.c4 c6 2.e4 d5 3.cxd5 cxd5 4.exd5 Qxd5 5.Nc3 Qd6 6.d4 Nf6 7.Nf3 e6 8.Bd3 Nc6
9.O-O Be7 10.Qe2 O-O 11.Rd1 Bd7 12.Ne5 Rad8 13.Bf4 Nxd4 14.Qe3 Qb6 15.Nc4 Qc5
16.b4 Qxb4 17.Qxd4 Ba4 18.Qe3 Bxd1 19.Nxd1 Bc5 20.Qe2 Rxd3 21.Qxd3 b5 22.Ndb2 bxc4
23.Nxc4 Nd5 24.Bd2 Qa4 25.Qb3 Qd7 26.Rd1 Qc7 27.g3 Rb8 28.Qd3 Rc8 29.Rc1 Qd7
30.Ne5 Qb7 31.Qf3 f6 32.Nd3 Bb6 33.Re1 Qd7 34.Qe4 e5 35.Kg2 Rd8 36.Re2 Kh8
37.f4 exf4 38.Nxf4 Nxf4+ 39.Bxf4 Qf7 40.g4 h6 41.Bg3 h5 42.h3 hxg4 43.hxg4 Qd5
44.Qxd5 Rxd5 45.Bf2 Bxf2 46.Kxf2 Ra5 47.Kg3 Kh7 48.Kh4 Kg6 49.Rc2 Ra4 50.Kg3 Kg5
51.Rc5+ Kh6 52.Rc2 g6 53.Rb2 Kg5 54.Rb5+ f5 55.gxf5 Ra3+ 56.Kf2 Rxa2+ 57.Kf3 gxf5
58.Rb8 Ra3+ 59.Kf2 a5 60.Rc8 Kf4 61.Rc4+ Ke5 62.Rc5+ Ke4 63.Rc4+ Kd5 64.Rf4 Ke5
65.Rc4 a4 66.Rb4 f4 67.Rb5+ Ke4 68.Rb4+ Kf5 69.Rb8 Ke5 70.Re8+ Kd4 71.Rf8 Kc3
72.Rxf4 Ra2+ 73.Ke3 a3 74.Rf8 Rh2 75.Rc8+ Kb2 76.Rb8+ Kc1 77.Rc8+ Kb1 78.Kd3 a2
79.Rb8+ Rb2 80.Rh8 a1=Q 81.Rh1+ Ka2 82.Rxa1+ Kxa1  0-1

[Event "Wch-Seniors"]
[Site "Lignano Sabbiadoro ITA"]
[Date "2005.10.02"]
[Round "5"]
[White "Barlocco,C"]
[Black "Zilahi,G"]
[Result "1-0"]
[WhiteElo "2235"]
[BlackElo "2117"]

1.c4 c6 2.Nf3 g6 3.Nc3 Bg7 4.d4 d5 5.cxd5 cxd5 6.Bf4 Nc6 7.e3 f6 8.Qb3 e6
9.Be2 Nh6 10.O-O-O Nf7 11.e4 e5 12.Bg3 exd4 13.Nxd5 Nfe5 14.Nxd4 Nxd4 15.Rxd4 Be6
16.f4 Rc8+ 17.Kb1 Nc6 18.Nc7+ Qxc7 19.Qxe6+ Ne7 20.Bc4 Rf8 21.Bb5+  1-0

[Event "It B"]
[Site "Stepanakert ARM"]
[Date "2005.10.02"]
[Round "1"]
[White "Grigoriants,S RUS"]
[Black "L'Ami,E"]
[Result "1/2-1/2"]
[WhiteElo "2539"]
[BlackElo "2541"]

1.c4 c6 2.d4 d5 3.Nf3 Nf6 4.e3 Bg4 5.h3 Bh5 6.cxd5 Bxf3 7.Qxf3 cxd5 8.Nc3 Nc6
9.Bd3 e6 10.Bd2 Bd6 11.g4 Nb4 12.Bb1 O-O 13.g5 Nd7 14.h4 Rc8 15.Qe2 e5 16.dxe5 Bxe5
17.a3 Nc6 18.Qd3 g6 19.Qxd5 Nb6 20.Qxd8 Rfxd8 21.Ba2 Na5 22.O-O-O Nac4 23.Bb3 Nxb2
24.Kxb2 Rxd2+ 25.Rxd2 Bxc3+ 26.Kc2 Bxd2+ 27.Kxd2 Nc4+ 28.Bxc4  1/2-1/2

[Event "Belgrade Premier League"]
[Site "Belgrade SCG"]
[Date "2005.10.04"]
[Round "4"]
[White "Jelic,G"]
[Black "Djerfi,K"]
[Result "0-1"]
[WhiteElo "2223"]
[BlackElo "2350"]

1.c4 c6 2.Nf3 d5 3.d4 Nf6 4.Qc2 g6 5.Bf4 Bf5 6.Qb3 Qb6 7.c5 Qxb3 8.axb3 Nbd7
9.Nc3 Bg7 10.e3 O-O 11.h3 h6 12.b4 Rfe8 13.Be2 Ne4 14.O-O g5 15.Bh2 a6 16.Rfd1 Bg6
17.Ne5 Nxe5 18.dxe5 f6 19.Na4 g4 20.Nb6 g3 21.fxg3 Rad8 22.exf6 Bxf6 23.g4 Bxb2
24.Bc7 Nc3 25.Bxd8 Rxd8 26.Bf3 Nxd1 27.Rxd1 Ba3 28.Nxd5 cxd5 29.Rxd5 Rxd5
30.Bxd5+ Kg7 31.Bxb7 Bxb4 32.c6 Bd6 33.Bxa6 Bg3 34.Kf1 Be4 35.Bb7 Kf6 36.Ba8 Bd3+
37.Kg1 Ke6 38.Bb7 Kd6 39.c7 Kxc7 40.Bf3 Kd6 41.Bb7 Kc5 42.Bf3 Kc4  0-1

[Event "Belgrade Premier League"]
[Site "Belgrade SCG"]
[Date "2005.10.07"]
[Round "5"]
[White "Spasojevic,M"]
[Black "Damjanovic,D"]
[Result "1/2-1/2"]
[WhiteElo "2204"]
[BlackElo "2264"]

1.c4 c6 2.Nc3 d5 3.cxd5 cxd5 4.d4 Nf6 5.Nf3 Nc6 6.g3 Bf5 7.Bg2 e6 8.O-O h6
9.Ne5 Bd6 10.f4 Rc8 11.e3 h5 12.Bd2 a6 13.Rc1 Nd7 14.Nxc6 bxc6 15.e4 dxe4
16.Nxe4 Be7 17.Nf2 c5 18.Qa4 Qb6 19.dxc5 Bxc5 20.Be3 Ke7 21.Rfd1 Rhd8 22.Rxd7+ Rxd7
23.Rxc5 Rxc5 24.Qa3 Rc7 25.b4 Rc3 26.Qxc3 Rxc3 27.Bxb6 Ra3 28.Be4 Bxe4 29.Nxe4 Rxa2
30.Ba5 e5 31.fxe5 Ke6 32.Bc7 Kf5 33.Nf2 f6 34.exf6 Kxf6 35.h4 Kf5 36.Bd6 a5
37.bxa5 Rxa5 38.Be7 Rd5 39.Bg5 Rb5 40.Kg2 Rb2 41.Kf3 Ra2 42.Nd1 Ra4 43.Bf4 Ke6
44.Ne3 Rd4 45.Bc7 Rb4 46.Ba5 Rb5 47.Bd8 Rb4 48.Bg5 Rd4 49.Ke2 Ke5 50.Ng2 Kf5
51.Kf3 Rb4 52.Be3 Ra4 53.Ne1 Ra1 54.Nc2 Rf1+ 55.Ke2 Rb1 56.Kd3 Kg4 57.Bf4 Rb3+
58.Ke4 Rxg3 59.Ne3+ Rxe3+  1/2-1/2

[Event "Belgrade Premier League"]
[Site "Belgrade SCG"]
[Date "2005.10.08"]
[Round "8"]
[White "Jelic,G"]
[Black "Velickovic,Bl"]
[Result "1/2-1/2"]
[WhiteElo "2223"]
[BlackElo "2289"]

1.c4 c6 2.Nf3 d5 3.b3 Nf6 4.Bb2 Bg4 5.Ne5 Bh5 6.g3 e6 7.Bg2 Bd6 8.O-O O-O
9.d4 Nbd7 10.Nd2 Qe7 11.f4 Ba3 12.Bxa3 Qxa3 13.Nxd7 Nxd7 14.Qc2 Bg6 15.Qc3 Nf6
16.c5 a5 17.Rfc1 h6 18.h3 Rfb8 19.g4 b6 20.Kf2 Nd7 21.cxb6 Rxb6 22.e4 f6
23.f5 Bf7 24.exd5 exd5 25.Rc2 Rc8 26.Re1 Kf8 27.Nf3 Re8 28.Rxe8+ Bxe8 29.Nh4 a4
30.Qe3 Qe7 31.bxa4 Qxe3+ 32.Kxe3 Ke7 33.Bf1 Kd6 34.Rc3 Rb4 35.Ra3 c5 36.Nf3 cxd4+
37.Nxd4 Nc5 38.a5 Ke5 39.Nf3+ Kd6 40.a6 Re4+ 41.Kd2 Bc6 42.a7 Ba8 43.Bd3 Rf4
44.Bc2 d4 45.Ne1 Rf2+ 46.Kd1 Rh2 47.Nf3 Rxh3 48.Nxd4 Rxa3 49.Nb5+ Kc6 50.Nxa3 Kb6
51.Ke2 Kxa7 52.Nb5+ Kb6 53.Nd6 Bc6 54.Ke3 Kc7 55.Ne4 Nd7 56.Ng3 Ne5 57.Bd1 Bd5
58.a4 Bf7 59.Kd4 Kb6 60.a5+ Kxa5 61.Kc5 g6 62.Kd6 Nxg4 63.Bxg4 gxf5 64.Nxf5 h5
65.Bh3 Kb4 66.Ke7 Bg6 67.Nh4 Be4 68.Kxf6 Kc3 69.Ke5 Bd3 70.Nf3 Be2 71.Nd4 Bg4
72.Bg2 h4 73.Nb5+ Kd2 74.Kf4 Bd7 75.Nd4 h3 76.Bh1 Kd3 77.Nf3 Ke2 78.Ng1+ Kf2  1/2-1/2

[Event "Bygger'n Masters"]
[Site "Gausdal NOR"]
[Date "2005.10.08"]
[Round "8"]
[White "Hauchard,A"]
[Black "Dobrov,V"]
[Result "0-1"]
[WhiteElo "2483"]
[BlackElo "2515"]

1.c4 c6 2.Nf3 d5 3.e3 Nf6 4.Nc3 a6 5.b3 Bg4 6.Be2 Nbd7 7.h3 Bxf3 8.Bxf3 Ne5
9.Be2 e6 10.Bb2 d4 11.Na4 c5 12.O-O Rb8 13.exd4 cxd4 14.c5 g5 15.Re1 Ng6
16.Rc1 Bg7 17.Rc4 Nd5 18.Bxd4 Bxd4 19.Rxd4 Qf6 20.Re4 Rd8 21.c6 bxc6 22.Bxa6 h5
23.Qc2 g4 24.Qxc6+ Kf8 25.hxg4 hxg4 26.Rxg4 Kg7 27.Nc5 Nf4 28.Ne4 Qe5 29.Qc3 Rd4
30.f3 Nd5 31.Qa1 Qh2+ 32.Kf1 e5 33.Nf2 Nf4 34.Qc3 Rh4 35.Bb7 f5 36.Rg5 Kh6
37.Rxg6+ Kxg6  0-1